Statistics for The Garten of Banban Character Quiz

Click here to take the quiz!

General Stats

  • This quiz has been taken 235 times
  • The average score is 12 of 16

Answer Stats

CharacterDesc.Debut Game% Correct
BanbanMascotGarten of Banban
99%
Jumbo JoshGreen GorillaGarten of Banban
95%
Opila BirdMother BirdGarten of Banban
92%
NabnabSpiderGarten of Banban II
90%
BanbaleenaTeacherGarten of Banban II
80%
Slow SelineSnailGarten of Banban II
79%
Stinger FlynnOctopusGarten of Banban III
78%
Sheriff ToadsterSheriffGarten of Banban IV
70%
BittergiggleJesterGarten of Banban IV
68%
Tarta BirdFather BirdGarten of Banban III
67%
Queen BounceliaQueenGarten of Banban IV
66%
ZolphiusABYSSGarten of Banban II
66%
KittysaurusCat-DinosaurGarten of Banban IV
65%
Captain FiddlesPirateGarten of Banban III
58%
Choo-Choo CharlesTrainGarten of Banban IV
57%
Tamataki & ChamatakiTwin MonstersGarten of Banban IV
51%

Score Distribution

Percentile by Number Answered

Percent of People with Each Score

Your Score History

You have not taken this quiz